00829 2200205 4500245004000000020001800040250001100058100001800069650002000087650001000107005001900117260003900136041001400175084000800189300002500197500036100222336000900583337001000592338002100602 aLaskar PelangicAndrea HiratahText a9789793062792 aCet. 1 aAndrea Hirata aNovel Indonesia aEbook a20230926113624 aYogyakartabPenerbit Bentangc2008 aIndonesia a813 axii, 534 hlm. :cPDF amenceritakan kehidupan 10 anak yang tidak mampu, tetapi memiliki semangat juang untuk melanjutkan pendidikannya di kampung Gantung, Kepulauan Bangka Belitung. Sebagian besar dari kesepuluh anak yang menempuh pendidikan di SD Muhammadiyah Gantung merupakan anak dari para penambang timah di pulau dengan perolehan kekayaan alam timah yang terbesar di dunia. atext aother aother (computer)